00617nac a22001691u 4500020001500000082001800015090001500033100003400048245009800082260004900180300002400229650002300253650002400276942002100300999001500321952011100336 a8121921376 a610.151bR162 c3184d3184 aRanganath ,G.K.  aA Textbook Of Numerical Methods And Linear Programming /bG.K. Ranganath , B. Sooryanarayana. aNew Delhi:[2003]bS.Chand Company,cc[2003] a321p.:bill;c22cm. aNumerical Methods. aLinear Programming. cBBk610.151 R162 c3184d3184 00102ddc4070aMAINbMAINc1STd2007-03-26ePurchasel0o610.151 RANp000030295r2025-07-15 00:00:00yBB